000 00357nam a2200121 4500
008 b xx# fre u
040 _aLB-BrCRDP
082 1 _a373.7
_bNAB
100 1 _aNaboulsi, Bahij
245 1 0 _aEnseigner l'algèbre en EB7
_bMath cycle 3, 2005/2006
_cBahij Naboulsi
942 _cBK
999 _c10134
_d10134